000 00324 a2200157 4500
001 58408
020 _a
040 _cAnchieta - Pituba
100 _aSoares, Francisco
240 1 0 _aMeu deus sou eu
_lpor
245 1 0 _aMeu deus sou eu
300 _a139
362 0 _a1999
650 4 _aFicção brasileira
942 _cBK
999 _c58408
_d58408